| 000 -LEADER |
| fixed length control field |
02381cam a2200337 i 4500 |
| 008 - FIXED-LENGTH DATA ELEMENTS--GENERAL INFORMATION |
| fixed length control field |
151005s2025 paua 001 0 eng |
| 020 ## - INTERNATIONAL STANDARD BOOK NUMBER |
| International Standard Book Number |
9780323883085 (2 vol. set) |
| 020 ## - INTERNATIONAL STANDARD BOOK NUMBER |
| International Standard Book Number |
9780323882996 (vol.1) |
| 020 ## - INTERNATIONAL STANDARD BOOK NUMBER |
| International Standard Book Number |
9780323883009 (vol.2) |
| 040 ## - CATALOGING SOURCE |
| Original cataloging agency |
NSHSPK |
| 082 00 - DEWEY DECIMAL CLASSIFICATION NUMBER |
| Classification number |
618.92 |
| Author Mark |
NEL |
| 245 00 - TITLE STATEMENT |
| Title |
Nelson textbook of pediatrics / |
| Remainder of title |
edited by Robert Kliegman, MD and Joseph W. St. Geme III, MD. |
| 246 30 - VARYING FORM OF TITLE |
| Title proper/short title |
Textbook of pediatrics |
| 246 30 - VARYING FORM OF TITLE |
| Title proper/short title |
Pediatrics |
| 250 ## - EDITION STATEMENT |
| Edition statement |
Twenty-second edition / |
| Remainder of edition statement |
Robert M. Kliegman, MD, Profesor and Chair Emeritus, Department of Pediatrics, Medical College of Wisconsin, Milwaukee, Wisconsin [and seven others] ; editor emeritus, Joseph W. St. Geme III, MD. |
| 264 #1 - PRODUCTION, PUBLICATION, DISTRIBUTION, MANUFACTURE, AND COPYRIGHT NOTICE |
| Place of production, publication, distribution, manufacture |
Phialdelphia, PA : |
| Name of producer, publisher, distributor, manufacturer |
Elsevier, |
| Date of production, publication, distribution, manufacture, or copyright notice |
2025. |
| 300 ## - PHYSICAL DESCRIPTION |
| Extent |
online access , 2 volumes (lxxviii, 4472, 132 pages of index) : |
| -- |
volume-1 1-2222 pages and volume-2 2223-4472 pages: |
| Other physical details |
illustrations (some color) ; |
| Dimensions |
29 cm. |
| 336 ## - CONTENT TYPE |
| Content type term |
text |
| Content type code |
txt |
| Source |
rdacontent |
| 337 ## - MEDIA TYPE |
| Media type term |
unmediated |
| Media type code |
n |
| Source |
rdamedia |
| 338 ## - CARRIER TYPE |
| Carrier type term |
volume |
| Carrier type code |
nc |
| Source |
rdacarrier |
| 500 ## - GENERAL NOTE |
| General note |
Includes index. |
| 520 ## - SUMMARY, ETC. |
| Summary, etc. |
Covering every aspect of general pediatric practice, as well as details for many pediatric subspecialists, Nelson Textbook of Pediatrics, 22nd Edition, brings you fully up to date with everything from rapidly changing diagnostic and treatment protocols to new technologies to the wide range of biologic, psychologic, and social problems faced by children today. Edited and written by experts and prominent members of the pediatric medical community, this comprehensive two-volume reference covers both the science and art of pediatric practice. It remains the reference of choice among pediatricians, pediatric residents, and others involved in the care of young patients, delivering the information you need in a concise, easy-to-use format for everyday reference and study. -- from the Publisher |
| 650 #0 - SUBJECT ADDED ENTRY--TOPICAL TERM |
| Topical term or geographic name entry element |
Pediatrics. |
| 9 (RLIN) |
113391 |
| 700 1# - ADDED ENTRY--PERSONAL NAME |
| Personal name |
Kliegman, Robert. |
| 9 (RLIN) |
113390 |
| 700 1# - ADDED ENTRY--PERSONAL NAME |
| Personal name |
Behrman, Richard E., |
| Dates associated with a name |
1931- |
| Relator term |
editor. |
| 9 (RLIN) |
126800 |
| 700 1# - ADDED ENTRY--PERSONAL NAME |
| Personal name |
Nelson, Waldo E. |
| Fuller form of name |
(Waldo Emerson), |
| Dates associated with a name |
1898-1997. |
| Title of a work |
Textbook of pediatrics. |
| 9 (RLIN) |
126801 |
| 906 ## - LOCAL DATA ELEMENT F, LDF (RLIN) |
| a |
7 |
| b |
cbc |
| c |
origcop |
| d |
2 |
| e |
ncip |
| f |
20 |
| g |
y-gencatlg |
| 942 ## - ADDED ENTRY ELEMENTS (KOHA) |
| Source of classification or shelving scheme |
|
| Koha item type |
Book |